000 00968nam a2200265 a 4500
005 20180803170203.0
008 150706s2015 ck a gr 00010 spa d
020 _a9789587752373
040 _aCO-BoBLA
_cCO-BoBLA
_dCO-BoIAVH
041 0 _aspa
044 _ack
082 0 4 _a577.1
_bD67f
100 1 _aDonato Rondón, John Charles
245 1 0 _aFundamentos de ecología: un enfoque ecosistémico /
_cJhon Charles Donato Rondón.
260 _aBogotá :
_bUniversidad Nacional de Colombia. Facultad de Ciencias. Departamento de Biología,
_c2015.
300 _a162 páginas :
_bilustraciones, gráficos ;
_c24 cm.
490 1 _aColección textos
504 _aIncluye referencias bibliográficas (páginas 149-162)
650 6 _aEcología.
650 6 _aEcosistemas.
650 6 _aMedio Ambiente
650 6 _aCiencias ambientales
650 4 _aProtección de los recursos naturales.
942 _2ddc
_cLIBRO
999 _c17859
_d17859